Liability Dollarization and the Bank Balance Sheet Channel /

Banks in developing economies often face a mismatch in the currency denomination of their liabilities (foreign currency denominated debt) and assets (domestic currency loans to domestic borrowers). We study the effect of this mismatch on business cycles and monetary policy in a sticky-price, dynamic...

Cur síos iomlán

Sonraí bibleagrafaíochta
Príomhchruthaitheoir: Cook, David
Rannpháirtithe: Choi, Woon
Formáid: IRIS
Teanga:English
Foilsithe / Cruthaithe: Washington, D.C. : International Monetary Fund, 2002.
Sraith:IMF Working Papers; Working Paper ; No. 2002/141
Rochtain ar líne:Full text available on IMF
LEADER 01645cas a2200253 a 4500
001 AALejournalIMF002060
008 230101c9999 xx r poo 0 0eng d
020 |c 5.00 USD 
020 |z 9781451856194 
022 |a 1018-5941 
040 |a BD-DhAAL  |c BD-DhAAL 
100 1 |a Cook, David. 
245 1 0 |a Liability Dollarization and the Bank Balance Sheet Channel /  |c David Cook, Woon Choi. 
264 1 |a Washington, D.C. :  |b International Monetary Fund,  |c 2002. 
300 |a 1 online resource (26 pages) 
490 1 |a IMF Working Papers 
500 |a <strong>Off-Campus Access:</strong> No User ID or Password Required 
500 |a <strong>On-Campus Access:</strong> No User ID or Password Required 
506 |a Electronic access restricted to authorized BRAC University faculty, staff and students 
520 3 |a Banks in developing economies often face a mismatch in the currency denomination of their liabilities (foreign currency denominated debt) and assets (domestic currency loans to domestic borrowers). We study the effect of this mismatch on business cycles and monetary policy in a sticky-price, dynamic general equilibrium model of a small open economy. We find from the model analysis that a fixed exchange rate rule that stabilizes the balance sheets of banks offers greater stability than an interest rate rule that targets inflation in the sticky-price sector of the economy. 
538 |a Mode of access: Internet 
700 1 |a Choi, Woon. 
830 0 |a IMF Working Papers; Working Paper ;  |v No. 2002/141 
856 4 0 |z Full text available on IMF  |u http://elibrary.imf.org/view/journals/001/2002/141/001.2002.issue-141-en.xml  |z IMF e-Library